Gedz - Bohema - Statystyki

Ogólne statystyki
  • Ten quiz został rozwiązany 20 razy
  • Średni wynik to 7 z 10
Statystyki odpowiedzi
Numer Tytuł Gość % Poprawnych
10 Kosmita
88%
8 Bali
76%
1 Otchłań
76%
2 K-Pax
71%
6 Moma Joda
71%
5 Morfina
71%
4 Reset Siles
71%
9 Czarny Kruk
59%
3 Obc
59%
7 Równowaga
53%
Nie znaleziono quizów pasujących do podanych kryteriów
Rozkład punktacji
Procent ludzi z każdym wynikiem
Percentyl według liczby udzielonych odpowiedzi
Twoja historia wyników
Nie rozwiązałeś tego quizu